00651nam a2200157Ia 4500003000900000008004100009040001600050080001800066110004500084245018700129260006500316300002300381650003600404650002900440650002400469IN-BaIIA211028s9999 xx 000 0 eng d cIIA Library a083.7:62bAME aAmerican Society of Mechanical Engineers 0a1980 ASME boiler and pressure vessel code section III nuclear power plant components,Division 2 code for concrete reactocthe American Society of Mechanical Engineers  aNew YorkbThe American Society of Mechanical Engineersc1980 a[various pagings.] aBoiler and Pressure Vessel Code aConcrete Reactor Vessels aNuclear Power Plant